00815nam a2200217 a 4500001000900000005001700009008004100026020001500067040001800082050002000100100002800120245014600148260003700294300004200331500003400373504003100407650004100438650004800479650004700527700002300574BRCA_69320190320203117.0880204s1989 nyua---##b---#001-0#eng-# a0500235430 aDLCcDLCdDLC 4aZ269b.D86 19891 aDuncan, Alastaird1942-10aArt Nouveau and Art Deco BookbindingbThe French Masterpieces, 1880-1940cAlastair Duncan & Georges de Bartha ; preface by Priscilla Juvelis. aLondresbThames and Hudsonc1989 a200 p.bil. (algunas a color)c30 cm. aIncluye índice alfabético aBibliografía: p. 197-19814aEncuadernaciónxHistoriaySiglo XX14aDecoración y ornamentaciónxArt Nouveau14aDecoración y ornamentaciónxArt decó1 aBartha, Georges de